Hypoteční trh je stále při síle
Pozitívny vývoj českého hypotekárneho trhu v roku 2005. Rast počtu a objemu hypotekárnych úverov. Novoposkytnuté úvery v roku 2005 občanom, podnikateľským subjektom a municipalitám. Podiel jednotlivých bánk na celkovom počte novoposkytnutých hypotekárnych úverov.
Enregistré dans:
| Auteur principal: | |
|---|---|
| Format: | Chapitre de livre |
| Langue: | tchèque |
| Sujets: | |
| Tags: |
Pas de tags, Soyez le premier à ajouter un tag!
|
MARC
| LEADER | 00000naa$a2200000$$$4500 | ||
|---|---|---|---|
| 001 | 0042027 | ||
| 005 | 20231010085736.6 | ||
| 041 | 0 | |a cze | |
| 044 | |a CZ | ||
| 245 | 1 | 0 | |a Hypoteční trh je stále při síle |c Jan Sadil |
| 520 | |a Pozitívny vývoj českého hypotekárneho trhu v roku 2005. Rast počtu a objemu hypotekárnych úverov. Novoposkytnuté úvery v roku 2005 občanom, podnikateľským subjektom a municipalitám. Podiel jednotlivých bánk na celkovom počte novoposkytnutých hypotekárnych úverov. | ||
| 610 | 2 | 0 | |a trh hypotekárny |
| 610 | 2 | 0 | |a úver hypotekárny |
| 610 | 2 | 0 | |a banky |
| 610 | 2 | 0 | |a 2005 |
| 100 | 1 | |a Sadil, Jan | |